Southville International School and Colleges
Your cart is empty.
  • Cart
  • Lists
    Public lists list_1 View all
    Your lists Log in to create your own lists
  • Log in to your account
  • Your cookies
  • Search history
Southville International School and Colleges
  • Advanced search
  • Recent comments
  • Most popular
  • Libraries

Log in to your account

Log in with GOOGLE


If you do not have an external account, but do have a local account, you can still log in:

  1. Home
  2. MARC view: Adobe Photoshop CS :
Normal view MARC view ISBD view

Adobe Photoshop CS : (Record no. 300969)

[ view plain ]
MARC details
000 -LEADER
fixed length control field 00581nam a2200241Ia 4500
008 - FIXED-LENGTH DATA ELEMENTS--GENERAL INFORMATION
fixed length control field 160901s9999 xx 000 0 und d
020 ## - INTERNATIONAL STANDARD BOOK NUMBER
International Standard Book Number 1-59200-345-1
050 ## - LIBRARY OF CONGRESS CALL NUMBER
Classification number ComSc T 385
050 ## - LIBRARY OF CONGRESS CALL NUMBER
Item number .G74 2004
100 ## - MAIN ENTRY--PERSONAL NAME
Personal name Grebler, Eric.
245 ## - TITLE STATEMENT
Title Adobe Photoshop CS :
245 ## - TITLE STATEMENT
Remainder of title fast and easy /
245 ## - TITLE STATEMENT
Statement of responsibility, etc Eric Grebler.
260 ## - PUBLICATION, DISTRIBUTION, ETC. (IMPRINT)
Place of publication, distribution, etc Boston, MA :
260 ## - PUBLICATION, DISTRIBUTION, ETC. (IMPRINT)
Name of publisher, distributor, etc Premier Press.,
260 ## - PUBLICATION, DISTRIBUTION, ETC. (IMPRINT)
Date of publication, distribution, etc 2004
300 ## - PHYSICAL DESCRIPTION
Extent 404 pages ;
300 ## - PHYSICAL DESCRIPTION
Other physical details ill. ;
300 ## - PHYSICAL DESCRIPTION
Dimensions 23 cm.
500 ## - GENERAL NOTE
General note Includes index.
650 ## - SUBJECT ADDED ENTRY--TOPICAL TERM
Topical term or geographic name as entry element Adobe Photoshop.
650 ## - SUBJECT ADDED ENTRY--TOPICAL TERM
General subdivision Computer graphics.
Holdings
Withdrawn status Lost status Damaged status Home library Current library Shelving location Date acquired Cost, normal purchase price Total Checkouts Full call number Barcode Date last seen Price effective from Koha item type
      South Mansfield College South Mansfield College   03/07/2005 774.00   ComSc T 385 .G74 2004 SMC01927 09/01/2016 09/01/2016  

Adobe Photoshop CS :

APA

Grebler E., .Adobe Photoshop CS. Boston, MA: .

Chicago

Grebler Eric, .Adobe Photoshop CS. Boston, MA: .

Harvard

Grebler E., .Adobe Photoshop CS. Boston, MA: .

MLA

Grebler Eric, .Boston, MA: . .

  • Place hold
  • Print
  • Cite
  • Add to your cart (remove)
  • Save record
    BIBTEX Dublin Core MARCXML MARC (non-Unicode/MARC-8) MARC (Unicode/UTF-8) MARC (Unicode/UTF-8, Standard) MODS (XML) RIS
  • More searches
    Search for this title in:
    Other Libraries (WorldCat) Other Databases (Google Scholar) Online Stores (Bookfinder.com) Open Library (openlibrary.org)

Exporting to Dublin Core...

SOUTHVILLE LIBRARY

Southville International School and Colleges Library

1281 Tropical Ave. Cor. Luxembourg St., BF Homes International, Las Pinas City

Tel. No. 8256374 / 252358 Loc. 117/146

Powered by Koha